Genetically yours (Record no. 119516)
[ view plain ]
| 000 -LEADER | |
|---|---|
| fixed length control field | 01301nam a2200361Ia 4500 |
| 100 1# - MAIN ENTRY--AUTHOR NAME | |
| Personal name | Lim, Hwa A. |
| 245 10 - TITLE STATEMENT | |
| Title | Genetically yours |
| 260 ## - PUBLICATION, DISTRIBUTION, ETC. (IMPRINT) | |
| Place of publication | River Edge, NJ : |
| Name of publisher | World Scientific, |
| Year of publication | c2002. |
| 300 ## - PHYSICAL DESCRIPTION | |
| Number of Pages | xxi, 417 p. : |
| Other physical details | ill., maps (some col.) |
| 650 #0 - SUBJECT ADDED ENTRY--TOPICAL TERM | |
| Topical Term | Genetic engineering. |
| Topical Term | Biotechnology. |
| Topical Term | Human genome. |
| Topical Term | Cloning. |
| Topical Term | Bioinformatics. |
| 856 40 - ELECTRONIC LOCATION AND ACCESS | |
| Uniform Resource Identifier | http://site.ebrary.com/lib/rucke/Doc?id=10201211 |
No items available.
